Differenz des Fichte'schen und Schelling'schen Systems der Philosophie
Gespeichert in:
| 1. Verfasser: | |
|---|---|
| Format: | Buch |
| Sprache: | Deutsch |
| Veröffentlicht: |
Hamburgo
Felix Meiner
1928
|
| Schriftenreihe: | Philosophische Bibliothek, 62a
|
| Schlagworte: | |
| Tags: |
Tag hinzufügen
Keine Tags, Fügen Sie den ersten Tag hinzu!
|
MARC
| LEADER | 00000nam a2200000 a 4500 | ||
|---|---|---|---|
| 001 | UCZ5125 | ||
| 003 | CL-VaPUC | ||
| 008 | 951117e19280000GW |||||||||||||||||ger|d | ||
| 082 | 0 | 4 | |a 141 |b HEG |2 21 |
| 100 | |a Hegel, Georg Wilhelm Friedrich |e autor |9 580639 | ||
| 245 | 1 | 0 | |a Differenz des Fichte'schen und Schelling'schen Systems der Philosophie |
| 300 | |a 116 p | ||
| 942 | |c BK | ||
| 945 | |d 19951117 00:00:00 |a cmena | ||
| 260 | |a Hamburgo |b Felix Meiner |c 1928 | ||
| 600 | 0 | |a Fichte, Johann Gottlieb |e autore |9 316864 | |
| 600 | 0 | |a Schelling, Friedrich Wilhelm Joseph |9 268686 | |
| 650 | 0 | |a Idealismo |9 265685 | |
| 650 | 0 | |a Filosofía alemana |9 265002 | |
| 650 | 0 | |a Escuelas filosóficas |9 266232 | |
| 583 | |a last modification |c 19951117 00:00:00 |k Rodrigo Vera | ||
| 490 | 0 | |a Philosophische Bibliothek, 62a | |
| 999 | |c 241450 |d 241448 | ||
| 952 | |0 0 |1 0 |4 0 |6 141_000000000000000_HEG_1928 |7 0 |8 P |9 253778 |a BIBEDU |b BIBEDU |c BIBEDU_PB |d 2019-11-19 |i 1574299 |o 141 HEG 1928 |p 1574299 |r 2024-01-25 |w 2019-11-19 |y BK |k FIL | ||